Vista normal
Vista MARC
Entrada Término de materia
Número de registros utilizados en: 56
001 - NÚMERO DE CONTROL
- Campo de control: 31531
003 - IDENTIFICADOR DE NÚMERO DE CONTROL
- Campo de control: ES-MaCES
005 - FECHA Y HORA DE LA ULTIMA MODIFICACION
- Campo de control: 20030530123200.0
008 - ELEMENTOS DE DATOS DE LONGITUD FIJA
- Campo de longitud fija: 991122 | azznnbabn |n ana d
035 ## - NÚMERO DE CONTROL DEL SISTEMA
- Número de control del sistema: CES19990000954s
040 ## - FUENTE DE LA CATALOGACIÓN
- Agencia original de catalogación: ES-MaCES
- Idioma de catalogación: spa
- Agencia de transcripción: ES-MaCES
150 ## - ENCABEZAMIENTO--MATERIA
- Término de materia o geográfico como elemento de entrada: 2000-2001
901 ## - CES. DATOS SIRTEX
- ID Sirtex (N5N8): 0007700007712
- 005BIS Sirtex: 199911221439SSANCHEZ

